[Event "Deutsche Ländermeisterschaft 2016"]
[Site "Hannover GER"]
[Date "2016.10.02"]
[Round "3"]
[White "Baskin, Robert"]
[Black "Ott, Florian"]
[Result "1/2-1/2"]
[Termination "normal"]
[Board "1.1"]
[WhiteTitle "FM"]
[BlackTitle "FM"]
[WhiteElo "2402"]
[BlackElo "2299"]
[WhiteClock "00:55:20"]
[BlackClock "00:03:22"]
[WhiteTeam "Hessen"]
[BlackTeam "Bayern"]
[PlyCount "62"]
[WhiteFideId "24662402"]
[BlackFideId "12900281"]
[EventCountry "GER"]
[EventRounds "7"]
[EventType "team-swiss"]
[EventDate "2016.09.30"]

1. e4 c5 2. Nf3 d6 3. d4 cxd4 4. Nxd4 Nf6 5. Nc3 a6 6. Bg5 e6 7. f4 Qb6 8. Qd2
Qxb2 9. Rb1 Qa3 10. e5 h6 11. Bh4 dxe5 12. fxe5 Nd5 13. Ne4 Qe3+ 14. Qxe3 Nxe3
15. Rb3 Nf5 16. Nxf5 exf5 17. Nd6+ Bxd6 18. exd6 g5 19. Bf2 Kd7 20. Rd3 Re8+
21. Kd2 Nc6 22. h4 Ne5 23. Rd4 Ng4 24. Bg1 Re6 25. hxg5 hxg5 26. Bd3 Rf6 27.
Rh5 Ne5 28. Rxg5 Nxd3 29. Kxd3 Rxd6 30. Rxf5 Rxd4+ 31. Bxd4 Ke7 1/2-1/2

[Event "Deutsche Ländermeisterschaft 2016"]
[Site "Hannover GER"]
[Date "2016.10.02"]
[Round "3"]
[White "Mann, Johannes"]
[Black "Keller, Peter"]
[Result "0-1"]
[Termination "normal"]
[Board "1.2"]
[BlackTitle "FM"]
[WhiteElo "2197"]
[BlackElo "2240"]
[WhiteClock "00:01:27"]
[BlackClock "00:19:47"]
[WhiteTeam "Bayern"]
[BlackTeam "Hessen"]
[PlyCount "76"]
[WhiteFideId "24691380"]
[BlackFideId "1272105"]
[EventCountry "GER"]
[EventRounds "7"]
[EventType "team-swiss"]
[EventDate "2016.09.30"]

1. d4 d5 2. c4 c6 3. Nf3 Nf6 4. Nc3 dxc4 5. a4 Bf5 6. Ne5 Nbd7 7. Nxc4 Nb6 8.
Ne5 a5 9. Bg5 g6 10. f3 Nfd7 11. Nd3 Bg7 12. e4 Be6 13. Be3 O-O 14. Rc1 Bc4 15.
Be2 Ba6 16. O-O Nc4 17. Bf2 e5 18. dxe5 Ndxe5 19. b3 Nxd3 20. Qxd3 Nd2 21. Qxd8
Rfxd8 22. Bxa6 Rxa6 23. Rfe1 Nxb3 24. Rc2 Nd4 25. Rcc1 Rb6 26. Kf1 Rb4 27. Red1
Kf8 28. Rd3 Ke8 29. Rcd1 Ne6 30. Rxd8+ Nxd8 31. Rd3 Rb3 32. Be1 Ne6 33. f4 Nxf4
34. Rf3 Ne6 35. Bd2 Nc5 36. Ke2 Bxc3 37. Rxc3 Rxc3 38. Bxc3 b6 0-1

[Event "Deutsche Ländermeisterschaft 2016"]
[Site "Hannover GER"]
[Date "2016.10.02"]
[Round "3"]
[White "Nothnagel, Marian Can"]
[Black "Oberhofer, Cédric"]
[Result "0-1"]
[Termination "normal"]
[Board "1.3"]
[WhiteElo "1991"]
[BlackElo "2208"]
[WhiteClock "00:09:05"]
[BlackClock "00:18:30"]
[WhiteTeam "Hessen"]
[BlackTeam "Bayern"]
[PlyCount "114"]
[WhiteFideId "12921530"]
[BlackFideId "12941220"]
[EventCountry "GER"]
[EventRounds "7"]
[EventType "team-swiss"]
[EventDate "2016.09.30"]

1. e4 c5 2. Nf3 d6 3. Bb5+ Bd7 4. Bxd7+ Qxd7 5. O-O Nf6 6. Qe2 e6 7. d4 cxd4 8.
Nxd4 Nc6 9. Rd1 Be7 10. c4 Nxd4 11. Rxd4 Qc7 12. Nc3 O-O 13. b3 a6 14. Bb2 Rab8
15. Rc1 Qa5 16. Rd3 b5 17. cxb5 axb5 18. e5 dxe5 19. Qxe5 Rfc8 20. Rcd1 Qc7 21.
Qxc7 Rxc7 22. Nxb5 Rxb5 23. Rd8+ Bf8 24. Ba3 Rbc5 25. g3 g6 26. Bxc5 Rxc5 27.
a4 Nd5 28. Ra8 Kg7 29. Rd3 Rc2 30. Rd8 Bc5 31. Rf3 Nf6 32. h4 e5 33. Rd1 e4 34.
Rf4 e3 35. Rc4 Rxc4 36. bxc4 exf2+ 37. Kg2 Ng4 38. Rb1 Kf6 39. a5 Ke6 40. a6
Kd6 41. h5 Kc6 42. hxg6 fxg6 43. Rh1 h6 44. Rb1 h5 45. a7 Bxa7 46. Ra1 Bb6 47.
Rc1 Bc5 48. Rb1 Kd6 49. Rd1+ Ke6 50. Rb1 Kf6 51. Rc1 Ke5 52. Rb1 Ke4 53. Rh1
Kd3 54. Rb1 Kxc4 55. Rc1+ Kd5 56. Rd1+ Ke4 57. Rc1 Bd4 0-1

[Event "Deutsche Ländermeisterschaft 2016"]
[Site "Hannover GER"]
[Date "2016.10.02"]
[Round "3"]
[White "Krastev, Alexander"]
[Black "Tong, Kevin"]
[Result "1-0"]
[Termination "normal"]
[Board "1.5"]
[WhiteElo "1937"]
[BlackElo "2049"]
[WhiteClock "00:47:33"]
[BlackClock "00:04:18"]
[WhiteTeam "Hessen"]
[BlackTeam "Bayern"]
[PlyCount "133"]
[WhiteFideId "12989983"]
[BlackFideId "12913944"]
[EventCountry "GER"]
[EventRounds "7"]
[EventType "team-swiss"]
[EventDate "2016.09.30"]

1. e4 e5 2. Nc3 Nc6 3. Bc4 Nf6 4. d3 Na5 5. Nge2 Bc5 6. O-O O-O 7. a3 Nxc4 8.
dxc4 a5 9. Qd3 Qe7 10. Ng3 d6 11. Bg5 Qe6 12. Nf5 Kh8 13. b4 Ba7 14. Nb5 Bb8
15. f3 Bd7 16. Nc3 Ba7+ 17. Kh1 Bc6 18. Nd5 Ne8 19. Bd2 g6 20. Nfe3 axb4 21.
axb4 Bxd5 22. cxd5 Qd7 23. Ra3 f5 24. Rfa1 fxe4 25. fxe4 Bxe3 26. Rxa8 Bxd2 27.
Qxd2 Qb5 28. Qd3 Qxb4 29. Rf1 Kg7 30. Rxf8 Kxf8 31. h3 Ke7 32. Ra1 b6 33. Rf1
Qa4 34. c3 Kd8 35. Rf7 h5 36. Qe3 Kc8 37. Kh2 Kb7 38. Qf3 Qc2 39. Re7 Qa4 40.
Qf7 Qxe4 41. Rxe8 h4 42. Re7 Qc4 43. Qf3 g5 44. Rg7 e4 45. Qe3 Qxd5 46. Rxg5
Qe6 47. Rg4 Qe5+ 48. Kg1 Qb5 49. Qxe4+ d5 50. Qb4 Qe2 51. Rxh4 Qe3+ 52. Kf1
Qd3+ 53. Kf2 Qd2+ 54. Kf3 Qd3+ 55. Kg4 Qg6+ 56. Kf3 Qd3+ 57. Kf2 Qd2+ 58. Kg1
Qe3+ 59. Kh2 Qe5+ 60. Qf4 Qxc3 61. Rg4 b5 62. h4 Ka6 63. h5 Ka5 64. h6 b4 65.
h7 b3 66. Qa4+ Kb6 67. Qb4+ 1-0

[Event "Deutsche Ländermeisterschaft 2016"]
[Site "Hannover GER"]
[Date "2016.10.02"]
[Round "3"]
[White "Englert, Jon"]
[Black "Reinecke, Katharina"]
[Result "1-0"]
[Termination "normal"]
[Board "1.6"]
[WhiteElo "1835"]
[BlackElo "1816"]
[WhiteClock "00:45:07"]
[BlackClock "00:07:21"]
[WhiteTeam "Bayern"]
[BlackTeam "Hessen"]
[PlyCount "99"]
[WhiteFideId "12992275"]
[BlackFideId "12929727"]
[EventCountry "GER"]
[EventRounds "7"]
[EventType "team-swiss"]
[EventDate "2016.09.30"]

1. e4 c6 2. d4 d5 3. Nc3 dxe4 4. Nxe4 Bf5 5. Ng3 Bg6 6. h4 h6 7. Nf3 Nd7 8. h5
Bh7 9. Bd3 Bxd3 10. Qxd3 e6 11. Bd2 Ngf6 12. O-O-O Be7 13. Ne4 Nxe4 14. Qxe4
Nf6 15. Qd3 Qd5 16. c4 Qe4 17. Qb3 b5 18. Rde1 Qh7 19. cxb5 O-O 20. bxc6 Rab8
21. Qc2 Rb6 22. Qxh7+ Kxh7 23. Ne5 Bd6 24. Kb1 Bxe5 25. dxe5 Nd5 26. Rc1 Rc8
27. c7 Rxc7 28. Rxc7 Nxc7 29. Ba5 Rb7 30. Bxc7 Rxc7 31. Rc1 Rd7 32. b4 g6 33.
g4 Rb7 34. a3 a5 35. Rc4 axb4 36. axb4 gxh5 37. gxh5 Rb5 38. f4 Kg7 39. Kc2 Rb7
40. Kb3 f6 41. Rc6 Kf7 42. Kc4 fxe5 43. fxe5 Ke7 44. b5 Ra7 45. b6 Rd7 46. Rc7
Rxc7+ 47. bxc7 Kd7 48. Kb5 Kxc7 49. Kc5 Kd7 50. Kb6 1-0

[Event "Deutsche Ländermeisterschaft 2016"]
[Site "Hannover GER"]
[Date "2016.10.02"]
[Round "3"]
[White "Poetsch, Leonore"]
[Black "Braun, Kristin"]
[Result "1-0"]
[Termination "normal"]
[Board "1.7"]
[WhiteElo "1801"]
[BlackElo "1853"]
[WhiteClock "00:33:00"]
[BlackClock "00:30:49"]
[WhiteTeam "Hessen"]
[BlackTeam "Bayern"]
[PlyCount "49"]
[WhiteFideId "12940372"]
[BlackFideId "24656534"]
[EventCountry "GER"]
[EventRounds "7"]
[EventType "team-swiss"]
[EventDate "2016.09.30"]

1. e4 c5 2. Nc3 Nc6 3. Bb5 e6 4. Bxc6 bxc6 5. d3 d5 6. Nge2 d4 7. Na4 Ba6 8. b3
Bd6 9. O-O Ne7 10. f4 Nc8 11. Qe1 Bb5 12. Nb2 a5 13. Qg3 Rg8 14. Qf3 Qc7 15. e5
Bf8 16. a4 Ba6 17. f5 exf5 18. Qxf5 g6 19. Qe4 Ne7 20. Bf4 Nd5 21. e6 Nxf4 22.
exf7+ Kxf7 23. Nxf4 Qd6 24. Nh5+ Qf6 25. Rxf6# 1-0

[Event "Deutsche Ländermeisterschaft 2016"]
[Site "Hannover GER"]
[Date "2016.10.02"]
[Round "3"]
[White "Khamenya, Vitalia"]
[Black "Bayer, Melissa"]
[Result "1/2-1/2"]
[Termination "normal"]
[Board "1.8"]
[WhiteElo "1636"]
[BlackElo "1518"]
[WhiteClock "00:14:23"]
[BlackClock "00:21:15"]
[WhiteTeam "Bayern"]
[BlackTeam "Hessen"]
[PlyCount "99"]
[WhiteFideId "12959260"]
[BlackFideId "16206916"]
[EventCountry "GER"]
[EventRounds "7"]
[EventType "team-swiss"]
[EventDate "2016.09.30"]

1. e4 e5 2. Nc3 Nc6 3. Bc4 Bc5 4. d3 d6 5. Na4 Bb6 6. Nxb6 axb6 7. f4 Na5 8.
Bb3 Nxb3 9. cxb3 Ne7 10. Nf3 Nc6 11. O-O O-O 12. Kh1 Re8 13. f5 d5 14. Bd2 f6
15. Bc3 d4 16. Bd2 Qd6 17. Nh4 Qf8 18. Rf3 Re7 19. Rh3 Bd7 20. b4 Qf7 21. Rg3
Kh8 22. b5 Na7 23. Ng6+ hxg6 24. fxg6 Qe6 25. Bb4 c5 26. bxc6 Nxc6 27. Rh3+ Kg8
28. Qh5 Kf8 29. Bd6 Qg8 30. Rh4 Na7 31. Qh8 Be6 32. Qxg8+ Bxg8 33. Rh8 Nc6 34.
g4 Rd8 35. Ba3 b5 36. Bc5 Nb8 37. Rc1 Na6 38. Rxg8+ Kxg8 39. Bxe7 Re8 40. h4
Nb8 41. Rc7 Nc6 42. Bc5 Rb8 43. Kg2 Nd8 44. Bd6 Ne6 45. Rc2 Nf4+ 46. Kg3 Ra8
47. h5 Nxd3 48. Kh4 Ne1 49. Re2 Nf3+ 50. Kg3 1/2-1/2

[Event "Deutsche Ländermeisterschaft 2016"]
[Site "Hannover GER"]
[Date "2016.10.02"]
[Round "3"]
[White "Vöge, Tobias"]
[Black "Krause, Benedict"]
[Result "0-1"]
[Termination "normal"]
[Board "2.1"]
[WhiteTitle "FM"]
[BlackTitle "FM"]
[WhiteElo "2289"]
[BlackElo "2389"]
[WhiteClock "00:00:36"]
[BlackClock "00:17:33"]
[WhiteTeam "Niedersachsen 1"]
[BlackTeam "Schleswig-Holstein"]
[PlyCount "70"]
[WhiteFideId "1270513"]
[BlackFideId "12917990"]
[EventCountry "GER"]
[EventRounds "7"]
[EventType "team-swiss"]
[EventDate "2016.09.30"]

1. c4 g6 2. Nc3 c5 3. g3 Bg7 4. Bg2 Nc6 5. Nf3 e6 6. d3 Nge7 7. Bg5 h6 8. Bd2
d5 9. Rb1 O-O 10. Qc1 Kh7 11. h4 b6 12. h5 g5 13. Bxg5 hxg5 14. Nxg5+ Kh8 15.
h6 Bf6 16. Rh5 Bb7 17. cxd5 exd5 18. Qf4 Ng6 19. Qf5 Bxg5 20. Rxg5 Nd4 21. Qg4
Qf6 22. Bxd5 Bxd5 23. Rxd5 Rae8 24. Ne4 Qc6 25. Qh5 Re6 26. Rg5 f5 27. Nc3 Nf3+
28. Kd1 Nxg5 29. Qxg5 b5 30. e3 Qf3+ 31. Ne2 Qxf2 32. Nf4 Rff6 33. Nxe6 Rxe6
34. Qd8+ Kh7 35. Qd7+ Re7 0-1

[Event "Deutsche Ländermeisterschaft 2016"]
[Site "Hannover GER"]
[Date "2016.10.02"]
[Round "3"]
[White "Beeck, Mats"]
[Black "Polster, Christian"]
[Result "1/2-1/2"]
[Termination "normal"]
[Board "2.2"]
[WhiteElo "2176"]
[BlackElo "2309"]
[WhiteClock "00:31:00"]
[BlackClock "00:31:46"]
[WhiteTeam "Schleswig-Holstein"]
[BlackTeam "Niedersachsen 1"]
[PlyCount "65"]
[WhiteFideId "12936944"]
[BlackFideId "12965081"]
[EventCountry "GER"]
[EventRounds "7"]
[EventType "team-swiss"]
[EventDate "2016.09.30"]

1. Nf3 Nf6 2. c4 c5 3. Nc3 Nc6 4. g3 g6 5. Bg2 Bg7 6. O-O O-O 7. d4 cxd4 8.
Nxd4 Nxd4 9. Qxd4 d6 10. Bg5 a6 11. Qd2 Rb8 12. Rac1 Be6 13. Nd5 Bxd5 14. cxd5
Qd7 15. Rc2 Rfc8 16. Rfc1 Qf5 17. Rxc8+ Rxc8 18. Rxc8+ Qxc8 19. Qc1 Qxc1+ 20.
Bxc1 Kf8 21. b3 Ke8 22. Bb2 Kd8 23. Kf1 Ne8 24. Bc1 Kc7 25. Bd2 Nf6 26. e4 Nd7
27. Ke2 Bd4 28. Bg5 Bf6 29. Be3 b5 30. Bh3 Nc5 31. f3 Bc3 32. Bf1 Ba5 33. Bxc5
1/2-1/2

[Event "Deutsche Ländermeisterschaft 2016"]
[Site "Hannover GER"]
[Date "2016.10.02"]
[Round "3"]
[White "Reuker, Jari"]
[Black "Kololli, Martin"]
[Result "1-0"]
[Termination "normal"]
[Board "2.3"]
[WhiteElo "2179"]
[BlackElo "2202"]
[WhiteClock "00:28:43"]
[BlackClock "00:30:00"]
[WhiteTeam "Niedersachsen 1"]
[BlackTeam "Schleswig-Holstein"]
[PlyCount "83"]
[WhiteFideId "12909300"]
[BlackFideId "12936910"]
[EventCountry "GER"]
[EventRounds "7"]
[EventType "team-swiss"]
[EventDate "2016.09.30"]

1. e4 e5 2. Nf3 Nc6 3. Bb5 a6 4. Ba4 Nf6 5. O-O Be7 6. Re1 b5 7. Bb3 d6 8. c3
O-O 9. h3 Nb8 10. d4 Nbd7 11. Nbd2 Bb7 12. Bc2 Re8 13. Nf1 Bf8 14. Ng3 g6 15.
a4 Bg7 16. Bd3 c6 17. Be3 Qc7 18. Qd2 d5 19. dxe5 Nxe4 20. Bxe4 dxe4 21. Nxe4
Nxe5 22. Nxe5 Bxe5 23. Bc5 Rad8 24. Qe3 Qd7 25. Bb6 Rb8 26. Nc5 Qd5 27. Qf3
Qxf3 28. gxf3 Re7 29. Rad1 Rbe8 30. Kg2 Bc8 31. Bd8 Kg7 32. Bxe7 Rxe7 33. Rd8
Bf5 34. Ra8 bxa4 35. Rxa6 Kf6 36. Rxc6+ Kg5 37. Nxa4 f6 38. Nb6 Rb7 39. Nc4 Bf4
40. Rb6 Rd7 41. Ne3 Re7 42. Rb4 1-0

[Event "Deutsche Ländermeisterschaft 2016"]
[Site "Hannover GER"]
[Date "2016.10.02"]
[Round "3"]
[White "Svane, Frederik"]
[Black "Böhm, Jana"]
[Result "0-1"]
[Termination "normal"]
[Board "2.4"]
[WhiteElo "2082"]
[BlackElo "1904"]
[WhiteClock "00:51:23"]
[BlackClock "00:23:40"]
[WhiteTeam "Schleswig-Holstein"]
[BlackTeam "Niedersachsen 1"]
[PlyCount "72"]
[WhiteFideId "12923044"]
[BlackFideId "24661589"]
[EventCountry "GER"]
[EventRounds "7"]
[EventType "team-swiss"]
[EventDate "2016.09.30"]

1. e4 c5 2. Nf3 d6 3. d4 cxd4 4. Nxd4 Nf6 5. Nc3 a6 6. Be3 e5 7. Nb3 Be6 8. h3
Be7 9. f4 exf4 10. Bxf4 Nc6 11. Qe2 Ne5 12. O-O-O Qc7 13. g4 Rc8 14. Nd5 Bxd5
15. exd5 O-O 16. g5 Nh5 17. Bxe5 Bxg5+ 18. Kb1 dxe5 19. Qxh5 Qxc2+ 20. Ka1 Bc1
21. Qxe5 Qxd1 22. Bg2 Bxb2+ 23. Kxb2 Qc2+ 24. Ka3 Qxg2 25. Re1 Rc2 26. Re3
Rxa2+ 27. Kb4 a5+ 28. Kc5 Qc2+ 29. Kb5 Ra3 30. Qg3 Rc8 31. Kb6 a4 32. Na5 Rxe3
33. Qxe3 Qc7+ 34. Kb5 Qd7+ 35. Kb6 Qxd5 36. Qe7 Qd8+ 0-1

[Event "Deutsche Ländermeisterschaft 2016"]
[Site "Hannover GER"]
[Date "2016.10.02"]
[Round "3"]
[White "von Estorff, Jacob"]
[Black "Kopylov, Daniel"]
[Result "0-1"]
[Termination "normal"]
[Board "2.5"]
[WhiteElo "1896"]
[BlackElo "2028"]
[WhiteClock "00:09:50"]
[BlackClock "00:16:23"]
[WhiteTeam "Niedersachsen 1"]
[BlackTeam "Schleswig-Holstein"]
[PlyCount "64"]
[WhiteFideId "12974501"]
[BlackFideId "12921971"]
[EventCountry "GER"]
[EventRounds "7"]
[EventType "team-swiss"]
[EventDate "2016.09.30"]

1. e4 c5 2. Nf3 d6 3. d4 cxd4 4. Nxd4 Nf6 5. Nc3 Nc6 6. Be3 Ng4 7. Bg5 Qb6 8.
Bb5 Bd7 9. O-O Nxf2 10. Rxf2 Qxd4 11. Qf3 Ne5 12. Bxd7+ Kxd7 13. Qh3+ Kc6 14.
Rd1 Qc4 15. b3 Qe6 16. Qg3 Qg6 17. Nd5 Kd7 18. Rf5 f6 19. Qc3 Rc8 20. Qb4 b6
21. Qa4+ Nc6 22. Be3 e6 23. Rf2 Qg4 24. Rd3 exd5 25. Rf4 Qe2 26. exd5 Qxc2 27.
dxc6+ Qxc6 28. Qxa7+ Rc7 29. Qa6 b5 30. Bb6 Rb7 31. Qa8 Qxb6+ 32. Rdd4 Qa7 0-1

[Event "Deutsche Ländermeisterschaft 2016"]
[Site "Hannover GER"]
[Date "2016.10.02"]
[Round "3"]
[White "Köhler, Inken"]
[Black "Evering, Sören"]
[Result "1-0"]
[Termination "normal"]
[Board "2.6"]
[WhiteElo "2009"]
[BlackElo "1853"]
[WhiteClock "00:22:47"]
[BlackClock "00:30:41"]
[WhiteTeam "Schleswig-Holstein"]
[BlackTeam "Niedersachsen 1"]
[PlyCount "111"]
[WhiteFideId "12929301"]
[BlackFideId "12974650"]
[EventCountry "GER"]
[EventRounds "7"]
[EventType "team-swiss"]
[EventDate "2016.09.30"]

1. e4 e5 2. Nf3 Nc6 3. d4 exd4 4. Nxd4 Nf6 5. Nxc6 bxc6 6. Qe2 Qe7 7. Nc3 Qe6
8. g3 Bb4 9. Bd2 O-O 10. e5 Nd5 11. Nxd5 Bxd2+ 12. Qxd2 cxd5 13. Qc3 d6 14.
O-O-O dxe5 15. Qxc7 Bd7 16. Qa5 Rfc8 17. Ba6 Rcb8 18. Rhe1 Rb6 19. Qxd5 Qxd5
20. Rxd5 Be6 21. Ra5 f6 22. Bd3 Rab8 23. b3 R6b7 24. Be4 Rc7 25. Rd1 Rbc8 26.
Rd2 Kf7 27. Bd5 h6 28. c4 Re8 29. Ra6 Ree7 30. Bxe6+ Rxe6 31. Rxe6 Kxe6 32. Rd5
g5 33. Kd2 h5 34. Ke3 Rh7 35. Ra5 Kf5 36. h3 h4 37. g4+ Kg6 38. Ke4 Rd7 39. Rd5
Rc7 40. Rd6 Rb7 41. Kd5 Kf7 42. c5 Ke7 43. Re6+ Kf7 44. Kd6 a5 45. Kc6 Rb8 46.
Rd6 Ke7 47. Kc7 Rb5 48. c6 Rc5 49. Rd7+ Ke6 50. Kb6 Rc2 51. Rd1 a4 52. c7 axb3
53. axb3 Rc3 54. b4 Rc4 55. b5 e4 56. Kb7 1-0

[Event "Deutsche Ländermeisterschaft 2016"]
[Site "Hannover GER"]
[Date "2016.10.02"]
[Round "3"]
[White "Mönster, Madita"]
[Black "Rosmait, Emily"]
[Result "0-1"]
[Termination "normal"]
[Board "2.7"]
[WhiteElo "1781"]
[BlackElo "1940"]
[WhiteClock "00:14:44"]
[BlackClock "00:20:34"]
[WhiteTeam "Niedersachsen 1"]
[BlackTeam "Schleswig-Holstein"]
[PlyCount "96"]
[WhiteFideId "12947156"]
[BlackFideId "12937754"]
[EventCountry "GER"]
[EventRounds "7"]
[EventType "team-swiss"]
[EventDate "2016.09.30"]

1. e4 e5 2. Nf3 Nc6 3. Bb5 Nf6 4. O-O Nxe4 5. d4 Nd6 6. dxe5 Nxb5 7. a4 Nbd4 8.
Nxd4 Nxd4 9. Qxd4 d5 10. Bf4 Be7 11. Nd2 Be6 12. Nf3 O-O 13. Rad1 h6 14. Qe3 c5
15. c3 Qd7 16. b3 Rfd8 17. Qe2 a6 18. Qb2 Rab8 19. Ra1 b5 20. axb5 Qxb5 21. Ra3
Rb6 22. Qc2 Rdb8 23. Rfa1 Qc6 24. Nd2 Rd8 25. Qa2 Bc8 26. Ra4 Bb7 27. f3 f6 28.
Re1 fxe5 29. Bxe5 Bf6 30. Bxf6 Qxf6 31. Qc2 Kh8 32. Nf1 d4 33. cxd4 cxd4 34.
Qd3 Rc6 35. Rc4 Rcd6 36. Ng3 Rd5 37. Rc7 Bc8 38. Rce7 Bd7 39. Qc4 Bb5 40. Qc2
d3 41. Qd2 Rc5 42. R7e6 Qd4+ 43. Kh1 Rc2 44. Qd1 Rdc8 45. Nf5 Qf2 46. Rg1 d2
47. Qa1 Qxg1+ 48. Qxg1 Rc1 0-1

[Event "Deutsche Ländermeisterschaft 2016"]
[Site "Hannover GER"]
[Date "2016.10.02"]
[Round "3"]
[White "Glinzner, Alva"]
[Black "Reichelt, Lena"]
[Result "1-0"]
[Termination "normal"]
[Board "2.8"]
[WhiteElo "1513"]
[BlackElo "1450"]
[WhiteClock "01:02:02"]
[BlackClock "00:08:05"]
[WhiteTeam "Schleswig-Holstein"]
[BlackTeam "Niedersachsen 1"]
[PlyCount "73"]
[WhiteFideId "16206169"]
[BlackFideId "12981184"]
[EventCountry "GER"]
[EventRounds "7"]
[EventType "team-swiss"]
[EventDate "2016.09.30"]

1. e4 e6 2. d4 d5 3. Nd2 Nf6 4. e5 Nfd7 5. Bd3 c5 6. c3 Nc6 7. Ne2 cxd4 8. cxd4
Be7 9. O-O f6 10. exf6 Nxf6 11. Nf3 O-O 12. a3 Bd7 13. Re1 Re8 14. b4 a5 15. b5
Na7 16. a4 Bb4 17. Bd2 Bxd2 18. Qxd2 b6 19. Ne5 Nc8 20. Qd1 Nd6 21. Ng3 Rc8 22.
Rc1 Rxc1 23. Qxc1 Qc8 24. Qg5 Nf7 25. Nxf7 Kxf7 26. Nh5 Rg8 27. Nxf6 gxf6 28.
Qh5+ Kf8 29. Qxh7 Be8 30. Bf5 Qd7 31. Qxg8+ Kxg8 32. Bxe6+ Qxe6 33. Rxe6 Kf7
34. Rxb6 Bd7 35. Ra6 Ke7 36. Ra7 Kd8 37. Rxd7+ 1-0

[Event "Deutsche Ländermeisterschaft 2016"]
[Site "Hannover GER"]
[Date "2016.10.02"]
[Round "3"]
[White "Carow, Johannes"]
[Black "Bauer, Andreas"]
[Result "1/2-1/2"]
[Termination "normal"]
[Board "3.1"]
[WhiteTitle "FM"]
[WhiteElo "2416"]
[BlackElo "2239"]
[WhiteClock "00:02:24"]
[BlackClock "00:12:27"]
[WhiteTeam "Rheinland-Pfalz"]
[BlackTeam "Baden 1"]
[PlyCount "59"]
[WhiteFideId "24692050"]
[BlackFideId "4625030"]
[EventCountry "GER"]
[EventRounds "7"]
[EventType "team-swiss"]
[EventDate "2016.09.30"]

1. d4 d5 2. c4 c6 3. Nc3 Nf6 4. e3 g6 5. Nf3 Bg7 6. Be2 O-O 7. O-O a6 8. b3 Ne4
9. Bb2 Nxc3 10. Bxc3 dxc4 11. bxc4 c5 12. Qb3 cxd4 13. exd4 b6 14. Rfd1 Nd7 15.
Rab1 Bb7 16. Ne5 Be4 17. Rb2 Rb8 18. Nxd7 Qxd7 19. d5 Qd6 20. Bxg7 Kxg7 21. Qe3
Bf5 22. h3 Rfc8 23. Bf1 Qc5 24. Qe5+ f6 25. Qe1 Kf7 26. Re2 Rc7 27. Re3 b5 28.
cxb5 axb5 29. Rd2 Qd6 30. Qd1 1/2-1/2

[Event "Deutsche Ländermeisterschaft 2016"]
[Site "Hannover GER"]
[Date "2016.10.02"]
[Round "3"]
[White "Gschnitzer, Adrian"]
[Black "Keymer, Vincent"]
[Result "0-1"]
[Termination "normal"]
[Board "3.2"]
[WhiteElo "2232"]
[BlackElo "2402"]
[WhiteClock "00:24:37"]
[BlackClock "01:13:14"]
[WhiteTeam "Baden 1"]
[BlackTeam "Rheinland-Pfalz"]
[PlyCount "92"]
[WhiteFideId "1270337"]
[BlackFideId "12940690"]
[EventCountry "GER"]
[EventRounds "7"]
[EventType "team-swiss"]
[EventDate "2016.09.30"]

1. e4 c5 2. Nf3 d6 3. d4 cxd4 4. Nxd4 Nf6 5. Nc3 a6 6. Bc4 e6 7. O-O b5 8. Bd3
Bb7 9. a3 Nbd7 10. f4 Qc7 11. Qe2 Be7 12. Kh1 O-O 13. Bd2 Nb6 14. b3 Nfd7 15.
Nd1 Nc5 16. c3 Nxd3 17. Qxd3 Nd7 18. Nf2 Nc5 19. Qc2 Bf6 20. Nf3 Rac8 21. Rac1
g6 22. Be3 Bg7 23. Bd4 Bh6 24. Ng4 Bg7 25. Bxg7 Kxg7 26. e5 Be4 27. Qf2 Bxf3
28. Qxf3 Nxb3 29. Rcd1 Rfd8 30. Qe3 Qc5 31. Qg3 h5 32. Nf6 dxe5 33. Nxh5+ Kf8
34. Nf6 Rxd1 35. Rxd1 exf4 36. Qxf4 Qf5 37. Qd6+ Kg7 38. Nd7 Rxc3 39. h3 Rc1
40. Rxc1 Nxc1 41. Qd4+ e5 42. Nxe5 Ne2 43. Qa1 Qf6 44. Kh2 Kh7 45. Kh1 a5 46.
Kh2 b4 0-1

[Event "Deutsche Ländermeisterschaft 2016"]
[Site "Hannover GER"]
[Date "2016.10.02"]
[Round "3"]
[White "Muckle, Julius"]
[Black "Mütsch, Annmarie"]
[Result "1/2-1/2"]
[Termination "normal"]
[Board "3.3"]
[WhiteElo "2196"]
[BlackElo "2008"]
[WhiteClock "00:06:39"]
[BlackClock "00:18:44"]
[WhiteTeam "Rheinland-Pfalz"]
[BlackTeam "Baden 1"]
[PlyCount "69"]
[WhiteFideId "12942430"]
[BlackFideId "12971367"]
[EventCountry "GER"]
[EventRounds "7"]
[EventType "team-swiss"]
[EventDate "2016.09.30"]

1. d4 Nf6 2. c4 e6 3. Nc3 Bb4 4. e3 b6 5. Bd3 Bb7 6. Nge2 Bxg2 7. Rg1 Be4 8. a3
Bxc3+ 9. Nxc3 Bg6 10. e4 d6 11. Bg5 e5 12. dxe5 dxe5 13. Qf3 Nbd7 14. Nd5 c6
15. Nxf6+ Nxf6 16. O-O-O Qe7 17. Qe3 h6 18. Bh4 Bh5 19. f3 g5 20. Bg3 Nd7 21.
Bf2 O-O-O 22. h4 f6 23. Bf1 Bf7 24. b4 Kb8 25. Be2 Rhe8 26. Rd2 Nf8 27. Rgd1
Ne6 28. Qc3 Rxd2 29. Rxd2 Rc8 30. c5 b5 31. Rd6 Ng7 32. a4 a6 33. axb5 axb5 34.
Qa1 Ne8 35. Rd3 1/2-1/2

[Event "Deutsche Ländermeisterschaft 2016"]
[Site "Hannover GER"]
[Date "2016.10.02"]
[Round "3"]
[White "Färber, David"]
[Black "Karsay, Pascal"]
[Result "1-0"]
[Termination "normal"]
[Board "3.4"]
[WhiteElo "2186"]
[BlackElo "2085"]
[WhiteClock "00:49:45"]
[BlackClock "00:22:24"]
[WhiteTeam "Baden 1"]
[BlackTeam "Rheinland-Pfalz"]
[PlyCount "33"]
[WhiteFideId "12971294"]
[BlackFideId "12953474"]
[EventCountry "GER"]
[EventRounds "7"]
[EventType "team-swiss"]
[EventDate "2016.09.30"]

1. e4 c5 2. Nf3 e6 3. d4 cxd4 4. Nxd4 a6 5. Bd3 Nf6 6. O-O Qc7 7. Qe2 d6 8. f4
Nbd7 9. Kh1 Be7 10. Nc3 b5 11. a4 b4 12. Na2 Qb6 13. Be3 Nc5 14. Nb3 Nfd7 15.
Nxc5 Nxc5 16. c3 bxc3 17. b4 1-0

[Event "Deutsche Ländermeisterschaft 2016"]
[Site "Hannover GER"]
[Date "2016.10.02"]
[Round "3"]
[White "Musiolik, David"]
[Black "Wiesner, Paula"]
[Result "1/2-1/2"]
[Termination "normal"]
[Board "3.5"]
[WhiteElo "1771"]
[BlackElo "2116"]
[WhiteClock "00:59:17"]
[BlackClock "00:31:02"]
[WhiteTeam "Rheinland-Pfalz"]
[BlackTeam "Baden 1"]
[PlyCount "91"]
[WhiteFideId "12972355"]
[BlackFideId "24654019"]
[EventCountry "GER"]
[EventRounds "7"]
[EventType "team-swiss"]
[EventDate "2016.09.30"]

1. e4 e6 2. d4 d5 3. Nd2 Nf6 4. e5 Nfd7 5. Bd3 c5 6. c3 Nc6 7. Ne2 cxd4 8. cxd4
f6 9. exf6 Nxf6 10. Nf3 Bd6 11. O-O Qc7 12. h3 O-O 13. Be3 Bd7 14. Re1 Qb6 15.
Nc3 a6 16. a3 Rac8 17. Na4 Qa5 18. b4 Qc7 19. Rc1 Bf4 20. Bxf4 Qxf4 21. Nb6
Rce8 22. Bxa6 Qc7 23. Nxd7 Qxd7 24. Bb5 Qd6 25. Ne5 Rc8 26. Bxc6 bxc6 27. Qc2
Ne4 28. f3 Ng3 29. Nxc6 Nf5 30. Qc5 Qg3 31. Ne7+ Nxe7 32. Qxe7 Rce8 33. Qd7 Qh4
34. Rcd1 Qf6 35. b5 Kh8 36. a4 Qg6 37. Kh1 Rf6 38. b6 Ref8 39. b7 Qh5 40. Qd6
Rxf3 41. b8=Q Rxh3+ 42. gxh3 Qf3+ 43. Kg1 Qf2+ 44. Kh1 Qf3+ 45. Kh2 Qf2+ 46.
Kh1 1/2-1/2